000 01199nam a2200313Ia 4500
005 20220317001026.0
008 160825s2008 ck a g 000 0 spa
020 _a97895830047012
245 1 3 _aEl libro de Antón Pirulero
_cselección y prólogo Sergio Andricaín y Antonio Orlando Rodríguez; ilustrado por Ivar Da Coll
250 _a1a. edición
_b9a. reimpresión
300 _a70 páginas
_bilustraciones en color
_c17 cm
490 _aQue pase el tren
505 _aNanas -- Rondas, canciones y rimas de juegos -- Coplas -- Retahílas -- Adivinanzas
521 _aRecomendado para niños de 3 a 6 años
650 1 4 _2LEMB
_aPoemas infantiles
650 1 4 _2LEMB
_aLiteratura infantil
650 1 4 _aCanciones de cuna
_2LEMB
650 1 4 _2LEMB
_aCoplas
700 1 _aAndricain, Sergio
_ecompilador
_964574
700 1 _aRodríguez, Antonio Orlando
_ecompilador
_92977
700 1 _aDa Coll, Ivar
_d1962-
_eilustrador
_9387
942 _2loc
_cBKINF
264 _aBogotá
_bPanamericana
_c2008
336 _atexto
_btxt
_2rdacontent
337 _asin mediación
_bn
_2rdamedia
338 _avolumen
_bnc
_2rdacarrier
040 _aCO-BoRNBP
_bspa
_erda
_cCO-BoRNBP
084 _aP LIB1
999 _c5708
_d5708